Hollywood Celebrities By Pictures - Statistics

General Stats
  • This quiz has been taken 4,222 times
    4,003 since last reset
  • The average score is 13 of 15
Answer Stats
Picture Answer % Correct
Justin Bieber
95%
Taylor Swift
95%
Ariana Grande
93%
Emma Watson
93%
Rihanna
93%
Tom Cruise
92%
Brad Pitt
91%
Katy Perry
90%
Kim Kardashian
90%
Angelina Jolie
89%
Ellen DeGeneres
89%
Selena Gomez
89%
Miley Cyrus
86%
Beyonce
83%
Liam Hemsworth
71%
No matching quizzes found
Score Distribution
Percent of People with Each Score
Percentile by Number Answered
Your Score History
You have not taken this quiz since the last reset